000
00250nmm a2200097Ia 4500
008
220120s9999||||xx |||||||||||||||||und||
082
_a
621.381 5 HAY
100
_a
Hayt, William H and et. al.
245
0
_a
Engineering circuit analysis
260
_c
2002
999
_c
138874
_d
138874